[Event "3rd Al Ain Chess Classic"]
[Site "Al-Ain UAE"]
[Date "2014.12.21"]
[Round "4.27"]
[White "Huseynov, Shahin"]
[Black "Shyam, Sundar M."]
[Result "0-1"]
[BlackTitle "GM"]
[WhiteElo "2162"]
[BlackElo "2484"]
[WhiteFideId "13401106"]
[BlackFideId "5019141"]
[EventDate "2014.12.19"]

1. Nf3 d5 2. d4 Nf6 3. c4 e6 4. Nc3 Bb4 5. e3 O-O 6. Bd3 b6 7. O-O Bb7 8. cxd5
exd5 9. Bd2 a6 10. Ne5 Qe7 11. f4 c5 12. a3 Bxc3 13. Bxc3 a5 14. dxc5 bxc5 15.
Rf3 d4 16. exd4 Bxf3 17. Qxf3 Qa7 18. dxc5 Qxc5+ 19. Kh1 Ra7 20. Qh3 h6 21. Nf3
Qd5 22. Ng5 Nbd7 23. Rd1 Qc6 24. Nf3 Qa4 25. Rf1 Re8 26. Qf5 g6 27. Qh3 Re3 28.
f5 Rxd3 29. fxg6 Rd1 30. gxf7+ Kxf7 31. Ne1 Qb5 32. Rf2 Rc7 33. Qf3 Qd5 34. Qg3
Rc6 35. Rf1 Re6 36. Qf4 Qg5 37. Qa4 Qd5 38. Qc2 Kg7 39. h3 Nc5 40. Rf5 Rdxe1+ 0-1

[Event "3rd Al Ain Chess Classic"]
[Site "Al-Ain UAE"]
[Date "2014.12.21"]
[Round "4.28"]
[White "Arun Prasad, S."]
[Black "Puranik, Abhimanyu"]
[Result "1/2-1/2"]
[WhiteTitle "GM"]
[BlackTitle "CM"]
[WhiteElo "2482"]
[BlackElo "2255"]
[WhiteFideId "5011167"]
[BlackFideId "5061245"]
[EventDate "2014.12.19"]

1. g3 Nf6 2. Bg2 d5 3. Nf3 g6 4. O-O Bg7 5. d3 c5 6. Nbd2 Nc6 7. e4 e6 8. exd5
Nxd5 9. a4 O-O 10. Nc4 b6 11. Re1 Bb7 12. Ng5 h6 13. Ne4 Rb8 14. Bd2 Qc7 15. a5
Rbd8 16. axb6 axb6 17. Nc3 Nd4 18. Nxd5 Bxd5 19. Bxd5 exd5 20. Na3 Nc6 21. c3
Qd7 22. Nc2 d4 23. c4 Qf5 24. Ra3 h5 25. Rb3 Rfe8 26. f4 Rxe1+ 27. Nxe1 Rb8 28.
Nf3 Qg4 29. Qf1 Qd7 30. Ng5 f6 31. Nf3 Ne7 32. Nh4 1/2-1/2

[Event "3rd Al Ain Chess Classic"]
[Site "Al-Ain UAE"]
[Date "2014.12.21"]
[Round "4.29"]
[White "Sagar, Shah"]
[Black "Hojjatova, Aydan"]
[Result "1-0"]
[BlackTitle "WCM"]
[WhiteElo "2468"]
[BlackElo "2217"]
[WhiteFideId "5022509"]
[BlackFideId "13401491"]
[EventDate "2014.12.19"]

1. d4 d6 2. c4 e5 3. Nc3 exd4 4. Qxd4 Nc6 5. Qd2 g6 6. b3 Bg7 7. Bb2 Nf6 8. g3
O-O 9. Bg2 Re8 10. Nh3 Bf5 11. Nf4 Ne4 12. Nxe4 Bxe4 13. f3 Bf5 14. Bxg7 Kxg7
15. O-O Ne5 16. Nd5 c6 17. Nc3 Qb6+ 18. Kh1 Rad8 19. e4 Bc8 20. f4 Ng4 21. h3
Nf6 22. Rae1 Qa5 23. g4 Ng8 24. Qd4+ f6 25. Rd1 h6 26. Rd2 Kh7 27. Rfd1 g5 28.
Ne2 Be6 29. Qf2 Ne7 30. fxg5 fxg5 31. Rxd6 Rxd6 32. Rxd6 Qe5 33. Qd4 Ng6 34. c5
Bc8 35. Qxe5 Nxe5 36. Ng3 Be6 37. Nf5 Bxf5 38. exf5 Kg7 39. Kg1 Kh7 40. Kf2 Re7
41. b4 a6 42. f6 Re8 43. Be4+ Kg8 44. Bc2 Kf8 45. Bb3 Rb8 46. Ke3 Re8 47. Re6
Nd7 48. Kd4 Rxe6 49. Bxe6 Nxf6 50. Bc8 Nd5 51. a3 Nf4 52. Bxb7 Nxh3 53. Bxa6 Ke7
54. Be2 Nf4 55. Bf3 Kd7 56. a4 Ne6+ 57. Kc4 Nd8 58. b5 1-0

[Event "3rd Al Ain Chess Classic"]
[Site "Al-Ain UAE"]
[Date "2014.12.21"]
[Round "4.30"]
[White "Bakre, Tejas"]
[Black "Soozankar, A.M."]
[Result "1-0"]
[WhiteTitle "GM"]
[BlackTitle "FM"]
[WhiteElo "2454"]
[BlackElo "2183"]
[WhiteFideId "5004195"]
[BlackFideId "12503029"]
[EventDate "2014.12.19"]

1. Nf3 Nf6 2. c4 g6 3. Nc3 Bg7 4. e4 d6 5. d4 O-O 6. Be2 e5 7. O-O Nc6 8. d5 Ne7
9. Ne1 Ne8 10. Be3 f5 11. f3 f4 12. Bf2 c5 13. Nd3 h5 14. b4 b6 15. a4 a5 16.
bxa5 bxa5 17. Rb1 g5 18. Qb3 Ba6 19. Rfc1 Nc8 20. Bxc5 dxc5 21. Nxc5 Qe7 22. Nd3
Qa7+ 23. Kf1 g4 24. Nb5 Qe7 25. c5 Qh4 26. d6+ Kh7 27. Kg1 Bxb5 28. axb5 Ncxd6
29. cxd6 Nxd6 30. Rc7 Ne8 31. Rd7 Nf6 32. Rf7 a4 33. Rxf8 Rxf8 34. Qxa4 gxf3 35.
Bxf3 Ng4 36. h3 Rd8 37. Qb3 Ne3 38. b6 Nxg2 39. Bxg2 f3 40. b7 Qg5 41. Qc2 Rb8
42. Qf2 fxg2 43. Nc5 Rf8 44. Ne6 1-0

[Event "3rd Al Ain Chess Classic"]
[Site "Al-Ain UAE"]
[Date "2014.12.21"]
[Round "4.31"]
[White "Lazarev, Vladimir"]
[Black "Ali Rashid, Ali"]
[Result "1-0"]
[WhiteTitle "GM"]
[WhiteElo "2387"]
[BlackElo "1799"]
[WhiteFideId "4113250"]
[BlackFideId "9304762"]
[EventDate "2014.12.19"]

1. c4 e6 2. d4 Bb4+ 3. Bd2 Bxd2+ 4. Qxd2 d5 5. Nf3 Nf6 6. g3 O-O 7. Bg2 Qe7 8.
O-O Rd8 9. Rc1 c5 10. cxd5 Rxd5 11. Rxc5 Rxc5 12. dxc5 Nc6 13. Nd4 Bd7 14. Nb3
Rd8 15. Nc3 Be8 16. Qg5 Nd4 17. Nxd4 Rxd4 18. Rc1 h6 19. Qe3 Qd7 20. h3 Rd2 21.
b3 Rb2 22. Rd1 Qc7 23. Qc1 1-0

[Event "3rd Al Ain Chess Classic"]
[Site "Al-Ain UAE"]
[Date "2014.12.21"]
[Round "4.32"]
[White "Galojan, Lilit"]
[Black "Sokolov, Ivan"]
[Result "0-1"]
[WhiteTitle "IM"]
[BlackTitle "GM"]
[WhiteElo "2275"]
[BlackElo "2645"]
[WhiteFideId "13301314"]
[BlackFideId "14400030"]
[EventDate "2014.12.19"]

1. Nf3 c5 2. c4 Nc6 3. Nc3 g6 4. e3 Bg7 5. d4 d6 6. d5 Ne5 7. Nxe5 Bxe5 8. Bd3
Nh6 9. O-O e6 10. h3 O-O 11. dxe6 Bxe6 12. Nd5 f5 13. f4 Bg7 14. Qf3 Qd7 15. Rd1
Kh8 16. Rb1 b5 17. cxb5 g5 18. fxg5 Nf7 19. Nf4 Bxa2 20. Ra1 Bb3 21. Rd2 Ne5 22.
Qe2 Rae8 23. b6 c4 24. Bc2 Bxc2 25. Rxc2 axb6 26. Qd1 Qe7 27. Ra6 b5 28. Kh2
Qxg5 29. Qd5 Qh4 30. Rxd6 Ng4+ 0-1

[Event "3rd Al Ain Chess Classic"]
[Site "Al-Ain UAE"]
[Date "2014.12.21"]
[Round "4.33"]
[White "Safranska, Anda"]
[Black "Ankit, R. Rajpara"]
[Result "0-1"]
[WhiteTitle "WGM"]
[BlackTitle "GM"]
[WhiteElo "2267"]
[BlackElo "2494"]
[WhiteFideId "11600209"]
[BlackFideId "5023335"]
[EventDate "2014.12.19"]

1. e4 c5 2. g3 Nc6 3. Bg2 g6 4. c3 Bg7 5. Ne2 e5 6. d3 Nf6 7. O-O d5 8. h3 O-O
9. Be3 b6 10. Bg5 Be6 11. f4 dxe4 12. dxe4 Qxd1 13. Rxd1 Bc4 14. Bxf6 Bxf6 15.
Rd6 Be7 16. Rd2 Rad8 17. Kf2 exf4 18. Nxf4 Ne5 19. b3 Ba6 20. Rxd8 Rxd8 21. Nd5
Bd6 22. Nd2 c4 23. Bf1 Bc5+ 24. Kg2 f5 25. Rd1 Kg7 26. bxc4 fxe4 27. Nxe4 Bxc4
28. Bxc4 Nxc4 29. Nxc5 bxc5 30. Kf3 a5 31. Ke2 Re8+ 32. Kf2 Rf8+ 33. Ke2 Re8+
34. Kf2 Rd8 35. Ke2 Re8+ 36. Kf2 Rb8 37. Re1 Rf8+ 38. Kg2 Rd8 39. Nf4 Rd2+ 40.
Re2 Rxe2+ 41. Nxe2 Kf6 42. Kf3 Ke5 43. h4 Nd2+ 44. Ke3 Ne4 45. Kd3 Nd6 46. Ke3
Kd5 47. Kd3 Ke5 48. Ke3 a4 49. Nf4 c4 50. Ne2 Ne4 51. g4 Nf6 52. g5 Nd5+ 53. Kd2
Nf4 54. Ng3 Nd5 55. Ne2 Nf4 56. Ng3 Ng2 57. h5 Nf4 58. hxg6 hxg6 59. Nf1 Nd5 60.
Kc2 Kf4 61. Nd2 Ne3+ 62. Kb2 Kxg5 63. Ka3 Kf4 0-1

[Event "3rd Al Ain Chess Classic"]
[Site "Al-Ain UAE"]
[Date "2014.12.21"]
[Round "4.34"]
[White "Derakhshani, Dorsa"]
[Black "Pourramezanali, Amirreza"]
[Result "1/2-1/2"]
[WhiteTitle "WFM"]
[BlackTitle "IM"]
[WhiteElo "2188"]
[BlackElo "2427"]
[WhiteFideId "12500330"]
[BlackFideId "12511412"]
[EventDate "2014.12.19"]

1. e4 e6 2. d4 d5 3. Nc3 Bb4 4. e5 c5 5. a3 Bxc3+ 6. bxc3 Ne7 7. Qg4 Kf8 8. h4
Qc7 9. Ra2 h5 10. Qf4 b6 11. Nf3 Ba6 12. Ng5 Nf5 13. c4 Qd7 14. dxc5 bxc5 15.
cxd5 Qxd5 16. c4 Qb7 17. Bd3 Nc6 18. Be3 Ncd4 19. Rd2 Rd8 20. O-O g6 21. Rfd1
Rd7 22. Rf1 Rd8 23. Rfd1 Rd7 24. Rf1 1/2-1/2

[Event "3rd Al Ain Chess Classic"]
[Site "Al-Ain UAE"]
[Date "2014.12.21"]
[Round "4.35"]
[White "Abdulov, Orkhan"]
[Black "Nasri, Amin"]
[Result "0-1"]
[WhiteTitle "IM"]
[WhiteElo "2350"]
[BlackElo "2275"]
[WhiteFideId "13402714"]
[BlackFideId "12501972"]
[EventDate "2014.12.19"]

1. e4 e5 2. Nf3 Nc6 3. Bb5 a6 4. Ba4 Nf6 5. O-O d6 6. c3 Bd7 7. d4 g6 8. Bxc6
Bxc6 9. dxe5 Nxe4 10. Nd4 dxe5 11. Nxc6 Qxd1 12. Rxd1 bxc6 13. Re1 O-O-O 14. Kf1
f5 15. f3 Nc5 16. Bg5 Re8 17. Bf6 Rg8 18. Rxe5 Rxe5 19. Bxe5 Nd3 20. Bd4 Nxb2
21. Nd2 Bd6 22. Rb1 Na4 23. Nc4 c5 24. Nxd6+ cxd6 25. Bf6 Re8 26. Rb3 d5 27. Ra3
Re6 28. Rxa4 Rxf6 29. Ke2 Kb7 30. Kd2 g5 31. Kd3 Re6 32. Ra5 Kb6 33. Ra3 c4+ 34.
Kd4 Kb5 35. Kxd5 Re2 36. g3 f4 37. gxf4 gxf4 38. h4 Re3 0-1

[Event "3rd Al Ain Chess Classic"]
[Site "Al-Ain UAE"]
[Date "2014.12.21"]
[Round "4.36"]
[White "Morchiashvili, Bachana"]
[Black "Mammadova, Narmin"]
[Result "1-0"]
[WhiteTitle "IM"]
[BlackTitle "WCM"]
[WhiteElo "2337"]
[BlackElo "2092"]
[WhiteFideId "13602535"]
[BlackFideId "13403710"]
[EventDate "2014.12.19"]

1. d4 d5 2. Nf3 Nf6 3. c4 dxc4 4. e3 e6 5. Bxc4 c5 6. Qe2 Nc6 7. O-O cxd4 8.
exd4 Be7 9. Nc3 O-O 10. Bg5 a6 11. Rad1 b5 12. Bb3 b4 13. Na4 Na5 14. d5 Nxb3
15. dxe6 Qe8 16. Nb6 Bxe6 17. Nxa8 Qxa8 18. axb3 Qb7 19. Rd3 Qb5 20. Re1 a5 21.
h4 Bg4 22. Re3 Qxe2 23. R1xe2 Bd8 24. Rd3 Bf5 25. Rd6 h6 26. Bf4 Nh5 27. Be3 Bg4
28. Red2 Be7 29. R6d5 Ra8 30. Ne5 Be6 31. Nc6 Nf6 32. Nxe7+ Kf8 33. Bc5 1-0

[Event "3rd Al Ain Chess Classic"]
[Site "Al-Ain UAE"]
[Date "2014.12.21"]
[Round "4.37"]
[White "Raja, Harshit"]
[Black "Mosadeghpour, Masoud"]
[Result "1/2-1/2"]
[WhiteElo "2116"]
[BlackElo "2337"]
[WhiteFideId "5089000"]
[BlackFideId "12519278"]
[EventDate "2014.12.19"]

1. e4 e5 2. Nf3 Nf6 3. Nxe5 d6 4. Nf3 Nxe4 5. d4 d5 6. Bd3 Nc6 7. O-O Be7 8. c4
Nf6 9. Nc3 O-O 10. cxd5 Nxd5 11. Be4 Be6 12. Re1 Bf6 13. Be3 Re8 14. Rc1 g6 15.
Qd2 Nxc3 16. bxc3 Na5 17. Bg5 Bxg5 18. Nxg5 Qf6 19. Nxe6 Rxe6 20. c4 Rae8 21. f3
b6 22. Qf2 Qf4 23. g3 Qg5 24. c5 R6e7 25. d5 bxc5 26. Qxc5 Nb7 27. Qxa7 Nd6 28.
Rxc7 f5 29. Rxe7 Qxe7 30. Qxe7 Rxe7 31. a4 Kf7 32. a5 fxe4 33. fxe4 Kf6 34. e5+
Rxe5 35. Rxe5 Kxe5 36. a6 Nb5 37. Kf2 Kxd5 38. Kf3 Kc6 39. Kf4 Nd4 40. h4 h6 41.
Ke5 1/2-1/2

[Event "3rd Al Ain Chess Classic"]
[Site "Al-Ain UAE"]
[Date "2014.12.21"]
[Round "4.38"]
[White "Abdumalik, Zhansaya"]
[Black "Sultan, Ibrahim"]
[Result "1-0"]
[WhiteTitle "WGM"]
[BlackTitle "FM"]
[WhiteElo "2332"]
[BlackElo "2062"]
[WhiteFideId "13703544"]
[BlackFideId "9301143"]
[EventDate "2014.12.19"]

1. e4 c5 2. Nc3 Nc6 3. Nf3 d6 4. d4 cxd4 5. Nxd4 Nf6 6. Bg5 e6 7. Qd2 a6 8.
O-O-O Bd7 9. f4 h6 10. Bh4 Nxe4 11. Qe1 Nf6 12. Nf5 Qa5 13. Nxd6+ Bxd6 14. Rxd6
Nb4 15. Kb1 Rc8 16. Bxf6 gxf6 17. a3 Nc6 18. Qh4 f5 19. Qf6 Rg8 20. Be2 Rg6 21.
Qh4 Qd8 22. Qf2 Qc7 23. Rhd1 Nb8 24. Bh5 Rf6 25. Qd4 Qd8 26. Nd5 exd5 27. Rxf6 1-0

[Event "3rd Al Ain Chess Classic"]
[Site "Al-Ain UAE"]
[Date "2014.12.21"]
[Round "4.39"]
[White "Abtini, Hasan"]
[Black "Firouzja, Alireza"]
[Result "0-1"]
[WhiteElo "1987"]
[BlackElo "2332"]
[WhiteFideId "7601506"]
[BlackFideId "12573981"]
[EventDate "2014.12.19"]

1. Nf3 Nf6 2. b3 d5 3. Bb2 c6 4. c4 Bf5 5. d3 e6 6. Nh4 Bg4 7. h3 Bh5 8. g4 Bg6
9. Nxg6 hxg6 10. Bg2 Bd6 11. Nd2 Nbd7 12. a3 a5 13. Qc2 Qe7 14. e3 O-O 15. O-O
e5 16. e4 dxe4 17. dxe4 Rfd8 18. Rfd1 Nh7 19. Nf3 Nhf8 20. Ne1 Ne6 21. Nd3 f6
22. b4 axb4 23. axb4 Rxa1 24. Rxa1 Bxb4 25. Qb3 Ndc5 26. Qxb4 Rxd3 27. Ra3 Qd7
28. Bf3 Rxf3 29. Rxf3 Qd1+ 30. Kg2 Nd3 31. Qc3 Nef4+ 32. Rxf4 Nxf4+ 33. Kh2 Qe2
34. Kg3 Qxe4 35. Qf3 Qxc4 36. g5 Ne2+ 37. Kg2 Qd5 38. Qxd5+ cxd5 39. Kf3 Nf4 40.
h4 Kf7 41. Bc1 Nd3 42. Bd2 Ke6 43. Ke3 Nf4 44. Kf3 Kf5 45. gxf6 gxf6 46. Bb4 d4
47. Bd6 b5 48. Kg3 d3 49. Bb4 Ne2+ 50. Kf3 Nd4+ 51. Kg3 Ke4 52. Bd2 Nf3 53. h5
gxh5 0-1

[Event "3rd Al Ain Chess Classic"]
[Site "Al-Ain UAE"]
[Date "2014.12.21"]
[Round "4.40"]
[White "Derakhshani, Borna"]
[Black "Vijayalakshmi, Subbaraman"]
[Result "0-1"]
[WhiteTitle "CM"]
[BlackTitle "IM"]
[WhiteElo "1979"]
[BlackElo "2329"]
[WhiteFideId "12518450"]
[BlackFideId "5004098"]
[EventDate "2014.12.19"]

1. e4 c5 2. Nf3 Nc6 3. d4 cxd4 4. Nxd4 Nf6 5. Nc3 e5 6. Ndb5 d6 7. Bg5 a6 8. Na3
b5 9. Nd5 Be7 10. Bxf6 Bxf6 11. c4 b4 12. Nc2 a5 13. Qf3 Bg5 14. h4 Be7 15. g4
Be6 16. g5 Rb8 17. Bh3 O-O 18. Bf5 a4 19. b3 Ra8 20. Kd2 g6 21. Bh3 Bxd5 22.
exd5 Nd4 23. Nxd4 exd4 24. Qe4 Re8 25. Qd3 Bf8 26. Bg4 Bg7 27. Kc2 Re7 28. Rab1
Rea7 29. Rb2 Qe7 30. Bf3 axb3+ 31. axb3 Ra2 32. Be4 Rxb2+ 33. Kxb2 Qa7 34. Qb1
d3+ 35. Kc1 Qxf2 36. Bxd3 Ra1 0-1

[Event "3rd Al Ain Chess Classic"]
[Site "Al-Ain UAE"]
[Date "2014.12.21"]
[Round "4.41"]
[White "Lodhi, Mahmood"]
[Black "Asadli, Vugar"]
[Result "1/2-1/2"]
[WhiteTitle "IM"]
[BlackTitle "CM"]
[WhiteElo "2328"]
[BlackElo "2043"]
[WhiteFideId "7800010"]
[BlackFideId "13405764"]
[EventDate "2014.12.19"]

1. d4 g6 2. e4 Bg7 3. f4 d6 4. c3 Nf6 5. Bd3 e5 6. fxe5 dxe5 7. d5 O-O 8. Nf3 c6
9. c4 b5 10. Nc3 bxc4 11. Bxc4 cxd5 12. exd5 e4 13. Nd4 Bg4 14. Qa4 Nbd7 15. Nc6
Qc7 16. Be3 Nb6 17. Qb3 Nfd7 18. Nb5 Qb7 19. Nd6 Qc7 20. Nb5 Qb7 21. Nd6 Qc7 22.
Nb5 1/2-1/2

[Event "3rd Al Ain Chess Classic"]
[Site "Al-Ain UAE"]
[Date "2014.12.21"]
[Round "4.42"]
[White "Pourkashiyan, Atousa"]
[Black "Tagelsir, Abubaker"]
[Result "1-0"]
[WhiteTitle "WGM"]
[BlackTitle "FM"]
[WhiteElo "2312"]
[BlackElo "2029"]
[WhiteFideId "12502014"]
[BlackFideId "12200875"]
[EventDate "2014.12.19"]

1. e4 d6 2. d4 Nf6 3. Nc3 g6 4. Be3 c6 5. Nf3 Bg7 6. h3 O-O 7. Bd3 Qc7 8. Qd2 b5
9. O-O a6 10. Ne2 Nbd7 11. Ng3 e5 12. dxe5 dxe5 13. a4 Rb8 14. c4 Re8 15. Rfc1
b4 16. c5 Nf8 17. Bc4 Rd8 18. Qe2 a5 19. Ng5 Rd7 20. Rd1 Re7 21. Rd6 h6 22. Nf3
Ne8 23. Rad1 Be6 24. Bxe6 Nxe6 25. Qd2 Kh7 26. Rd3 Rb7 27. Rd6 Qc8 28. Rd3 Qb8
29. b3 Nf6 30. Rd6 Qc8 31. Nxe5 Nxe4 32. Nxe4 Bxe5 33. Bxh6 f5 34. Rxe6 Rxe6 35.
Ng5+ Kg8 36. Nxe6 Qxe6 37. Qd8+ Kh7 38. Qh4 Bg7 39. Bxg7+ Kxg7 40. Rd8 Qe1+ 41.
Kh2 Qc3 42. Qh8+ Kf7 43. Qf8+ Ke6 44. Re8+ Kd5 1-0

[Event "3rd Al Ain Chess Classic"]
[Site "Al-Ain UAE"]
[Date "2014.12.21"]
[Round "4.43"]
[White "Ahadzade, Kanan"]
[Black "Abdulla, Khayala"]
[Result "0-1"]
[BlackTitle "WIM"]
[WhiteElo "1909"]
[BlackElo "2299"]
[WhiteFideId "13405640"]
[BlackFideId "13401807"]
[EventDate "2014.12.19"]

1. e4 e6 2. b3 c5 3. Bb2 a6 4. g3 Nc6 5. Bg2 d6 6. Ne2 e5 7. d3 g6 8. O-O Bg7 9.
f4 Nge7 10. Nbc3 exf4 11. Nxf4 O-O 12. Rb1 Ne5 13. Ncd5 Nxd5 14. Nxd5 Be6 15.
Nf4 Qd7 16. d4 cxd4 17. Bxd4 b5 18. Qd2 a5 19. Rbd1 Rfc8 20. Kh1 b4 21. Ba1 Ra6
22. Ne2 Bg4 23. Rfe1 Nf3 24. Bxf3 Bxf3+ 25. Kg1 Bxa1 26. Rxa1 Bxe4 27. Nd4 Ba8
28. Re3 Qb7 29. Nf3 Rac6 30. Rae1 Rf8 31. R1e2 Qd7 32. Ne5 Qb7 33. Ng4 Rc4 34.
Re4 Qb6+ 35. Kf1 Bxe4 36. bxc4 f5 37. Nf2 Qc5 38. Ke1 Qxc4 39. Qxd6 Qxa2 40. c3
Qc4 41. cxb4 axb4 42. Qe5 Rd8 43. Nxe4 fxe4 44. Rxe4 Qc1+ 45. Kf2 Rf8+ 46. Rf4
Qd2+ 47. Kf1 Rxf4+ 48. gxf4 Kf7 49. Qc7+ Ke6 50. Qe5+ Kd7 51. Qb5+ Kd6 52. Qb6+
Ke7 53. Qc5+ Qd6 54. Qe3+ Kf6 55. Kf2 Kf5 56. Qh3+ Ke4 57. Qe3+ Kd5 58. Qd3+ Kc5
59. Qc2+ Kb6 60. Qe4 b3 61. Qf3 Qd4+ 62. Kg3 b2 63. Qb3+ Kc5 64. Qa3+ Kd5 65.
Qa8+ Kc4 66. Qa4+ Kc3 67. Qc6+ Qc4 68. Qf6+ 0-1

[Event "3rd Al Ain Chess Classic"]
[Site "Al-Ain UAE"]
[Date "2014.12.21"]
[Round "4.44"]
[White "Gasimov, Parviz"]
[Black "Rafee, Mohd Hayel"]
[Result "1-0"]
[WhiteTitle "CM"]
[WhiteElo "2295"]
[BlackElo "1931"]
[WhiteFideId "13408798"]
[BlackFideId "7603126"]
[EventDate "2014.12.19"]

1. e4 c5 2. Nf3 d6 3. Bb5+ Bd7 4. Bxd7+ Qxd7 5. c4 Nf6 6. Nc3 g6 7. d4 cxd4 8.
Nxd4 Qc7 9. b3 Nxe4 10. Nxe4 Qa5+ 11. Kf1 Qe5 12. Nc3 Bg7 13. Be3 O-O 14. g3 Nc6
15. Nxc6 bxc6 16. Rc1 d5 17. cxd5 Rfd8 18. Kg2 cxd5 19. Bf4 Qf5 20. Qc2 Qh5 21.
Qe2 Qf5 22. Na4 e5 23. Bd2 e4 24. Rc5 Bd4 25. Rc6 Re8 26. Be3 Bg7 27. Rd1 Qd7
28. Rc5 Re5 29. Bd4 Rh5 30. h4 Bf8 31. Rc2 f5 32. Be5 Qe6 33. Bf4 Rd8 34. Qb5 e3
35. Qe2 d4 36. Qc4 Qxc4 37. Rxc4 e2 38. Re1 d3 39. Bd2 f4 40. Nc3 fxg3 41. fxg3
Rf5 42. Ne4 Bg7 43. Rec1 Bd4 44. Rc8 Rdf8 45. Bb4 Be3 46. Bxf8 Bxc1 47. Bh6+ Kf7
48. Rxc1 g5 49. Bxg5 Ke6 50. Bd2 Rf8 51. Nf2 Kd5 52. Nxd3 Kd4 53. Nf4 1-0

[Event "3rd Al Ain Chess Classic"]
[Site "Al-Ain UAE"]
[Date "2014.12.21"]
[Round "4.45"]
[White "Suhail, Sokari"]
[Black "Mohannad, Farhan"]
[Result "0-1"]
[BlackTitle "FM"]
[WhiteElo "1912"]
[BlackElo "2281"]
[WhiteFideId "7604530"]
[BlackFideId "8100918"]
[EventDate "2014.12.19"]

1. d4 Nf6 2. c4 d6 3. Nc3 Nbd7 4. e4 e5 5. d5 Nc5 6. Qc2 a5 7. f3 Be7 8. Nge2
Nh5 9. g4 Bh4+ 10. Kd1 Nf6 11. Be3 h5 12. h3 c6 13. Qd2 cxd5 14. cxd5 b6 15. Nb5
Ba6 16. Nec3 Nh7 17. Rc1 O-O 18. Rg1 hxg4 19. hxg4 g5 20. Rh1 f6 21. Bf2 Bxf2
22. Qxf2 Rf7 23. Qh2 Rg7 24. Rc2 Qe7 25. Ke1 Rd8 26. Nd1 Bc8 27. Ne3 Qb7 28. Nc4
Qb8 29. Qh6 Ba6 30. Ne3 Rf7 31. Nf5 Rdd7 32. Qg6+ Rg7 33. Nxg7 Rxg7 34. Qh6 Qd8
35. Rch2 Qd7 36. Nc3 Bxf1 37. Kxf1 Nd3 38. Qh3 Qc7 39. Qg2 Nf4 40. Qd2 Qc4+ 41.
Kf2 Nf8 42. Rh8+ Kf7 43. Kg3 b5 44. b3 Qxc3 45. Qxc3 Ne2+ 46. Kf2 Nxc3 47. a3
Ke8 48. R1h6 Rf7 49. Ke3 Nb1 50. a4 bxa4 51. bxa4 Nc3 52. Kd3 Nxa4 53. Kc4 Nc5
54. Rg8 a4 55. Rhh8 a3 56. Kc3 Nd7 57. Kb3 Re7 58. Rh1 Kf7 59. Rgh8 Nc5+ 60.
Kxa3 Rb7 61. R8h2 Rb3+ 62. Ka2 Rxf3 63. Rb2 Nxe4 64. Rb7+ Kg8 65. Rh6 f5 66.
gxf5 Rxf5 67. Rb8 Kg7 68. Rh1 g4 69. Rb4 Rf4 70. Kb2 g3 71. Rg1 Nh7 72. Rb7+ Kg6 0-1

[Event "3rd Al Ain Chess Classic"]
[Site "Al-Ain UAE"]
[Date "2014.12.21"]
[Round "4.46"]
[White "Nandhidhaa, PV"]
[Black "Ahmed, Fareed"]
[Result "1-0"]
[WhiteElo "2177"]
[BlackElo "1911"]
[WhiteFideId "5050847"]
[BlackFideId "9303677"]
[EventDate "2014.12.19"]

1. e4 e5 2. Nf3 Nc6 3. Bb5 a6 4. Ba4 Nf6 5. d3 d6 6. c3 g6 7. Nbd2 Bg7 8. Nf1
O-O 9. Ne3 b5 10. Bb3 Na5 11. Bc2 c5 12. O-O Bb7 13. Re1 d5 14. exd5 Nxd5 15.
Ng4 f6 16. h4 Qd7 17. Ngh2 Rae8 18. Bd2 c4 19. d4 exd4 20. Nxd4 Nc6 21. Nxc6
Rxe1+ 22. Qxe1 Re8 23. Qf1 Bxc6 24. Re1 f5 25. Nf3 Nf6 26. Nd4 Be4 27. Bxe4 Nxe4
28. Be3 f4 29. Bxf4 Bxd4 30. cxd4 Qxd4 31. Re2 Rf8 32. Be3 Qf6 33. Qd1 Rd8 34.
Qc2 Qxh4 35. Bb6 Rd3 36. b3 Nc3 37. Re1 Nd5 38. Qe2 Nf6 39. Qe6+ Kg7 40. Qe7+
Kh8 41. Bd8 Rxd8 42. Qxd8+ Kg7 43. Qe7+ Kg8 44. Re6 Qd4 45. Qxf6 Qd1+ 46. Kh2
Qh5+ 47. Kg3 1-0

[Event "3rd Al Ain Chess Classic"]
[Site "Al-Ain UAE"]
[Date "2014.12.21"]
[Round "4.47"]
[White "Hamdan, Marshool"]
[Black "Vishnu Prasanna, V"]
[Result "0-1"]
[BlackTitle "GM"]
[WhiteElo "1763"]
[BlackElo "2463"]
[WhiteFideId "9303804"]
[BlackFideId "5030692"]
[EventDate "2014.12.19"]

1. e4 e5 2. Nf3 Nc6 3. d4 exd4 4. Nxd4 Qf6 5. Be3 Bc5 6. c3 Nge7 7. Bc4 b6 8. b4
Nxd4 9. Bxd4 Bxd4 10. Qxd4 Qg6 11. Nd2 Bb7 12. O-O-O O-O-O 13. f4 d5 14. exd5
Nxd5 15. Bxd5 Rxd5 16. Qf2 Rd3 17. Nb1 Rhd8 18. Rxd3 Qxd3 19. Re1 Be4 20. Kb2
Rd6 21. Qe2 Qxe2+ 22. Rxe2 Bd3 23. Rf2 Re6 24. Nd2 Kd7 25. c4 Re3 26. Rf3 Rxf3
27. Nxf3 Be4 28. Ne5+ Ke6 29. g3 g5 30. Kc3 gxf4 31. gxf4 f6 32. Ng4 Kf5 33. Kd4
Bf3 34. Ne3+ Kxf4 35. c5 bxc5+ 36. bxc5 f5 37. h4 h5 38. a4 a5 39. Nd5+ Bxd5 40.
Kxd5 Ke3 41. Kc6 Kd4 42. Kb5 f4 43. c6 f3 44. Ka6 f2 45. Kb7 f1=Q 46. Kxc7 Kc5
47. Kb7 Qb1+ 48. Kc7 Qh7+ 0-1

[Event "3rd Al Ain Chess Classic"]
[Site "Al-Ain UAE"]
[Date "2014.12.21"]
[Round "4.48"]
[White "Mirzoeva, Elmira"]
[Black "Abdulla, Ali"]
[Result "1-0"]
[WhiteTitle "WGM"]
[WhiteElo "2246"]
[BlackElo "1747"]
[WhiteFideId "4127951"]
[BlackFideId "9302336"]
[EventDate "2014.12.19"]

1. d4 d5 2. c4 e6 3. Nc3 Nf6 4. cxd5 exd5 5. Bg5 c6 6. e3 Be7 7. Qc2 Nbd7 8. Bd3
Nh5 9. Bxe7 Qxe7 10. O-O-O g6 11. Nf3 Nb6 12. h3 Be6 13. Kb1 O-O-O 14. Rc1 Kb8
15. Na4 Ng7 16. g4 Nxa4 17. Qxa4 Rc8 18. Rc3 f6 19. Ra3 b6 20. Rc1 h5 21. Nh4
Bf7 22. Nxg6 Bxg6 23. Bxg6 hxg4 24. hxg4 f5 25. gxf5 Qe4+ 26. Qc2 Qxc2+ 27. Rxc2
Rh1+ 28. Rc1 Rxc1+ 29. Kxc1 Rf8 30. Kd2 Nxf5 31. Ke2 Nd6 32. Rc3 Kb7 33. Rc1 Rf6
34. Rg1 c5 35. dxc5 bxc5 36. Bc2 c4 37. Rg6 Rxg6 38. Bxg6 Kb6 39. Kf3 Kc5 40.
Kf4 a5 41. Bc2 Nb5 42. a4 c3 43. bxc3 Nxc3 44. Ke5 Ne4 1-0